Online
Catalog

Diario de un poeta / (Record no. 6407)

MARC details
000 -CABECERA
campo de control de longitud fija 01015cam a2200277 a 4500
001 - NÚMERO DE CONTROL
campo de control 000006617
005 - FECHA Y HORA DE LA ÚLTIMA TRANSACCIÓN
campo de control 20200929153948.0
008 - DATOS DE LONGITUD FIJA--INFORMACIÓN GENERAL
campo de control de longitud fija 890209s1987 pr 000 0bspa d
020 ## - NÚMERO INTERNACIONAL ESTÁNDAR DEL LIBRO
Número Internacional Estándar del Libro 086581399X (v.1)
020 ## - NÚMERO INTERNACIONAL ESTÁNDAR DEL LIBRO
Número Internacional Estándar del Libro 0865814139 (v.2)
035 ## - NÚMERO DE CONTROL DEL SISTEMA
Número de control de sistema (DLC) 89112544
040 ## - FUENTE DE LA CATALOGACIÓN
Centro catalogador/agencia de origen DO-SdBNP
Lengua de catalogación spa
Centro/agencia transcriptor ICU
Centro/agencia modificador ICU
-- BNPHU
082 ## - NÚMERO DE LA CLASIFICACIÓN DECIMAL DEWEY
Número de clasificación PR861.4
Número de documento/Ítem M433d, 1987
100 1# - ENTRADA PRINCIPAL--NOMBRE DE PERSONA
Nombre de persona Matos Paoli, Francisco,
Fechas asociadas al nombre 1915-2000
9 (RLIN) 9173
245 10 - MENCIÓN DE TÍTULO
Título Diario de un poeta /
Mención de responsabilidad, etc. Francisco Matos Paoli ; edición de Juan B. Huyke Freiría y Henry Cobb Gorbea.
250 ## - MENCIÓN DE EDICIÓN
Mención de edición 2a ed.
260 ## - PUBLICACIÓN, DISTRIBUCIÓN, ETC.
Lugar de publicación, distribución, etc. [San Juan, Puerto Rico] :
Nombre del editor, distribuidor, etc. Instituto de Cultura Puertorriqueña ;
-- División de Publicaciones y Grabaciones,
Fecha de publicación, distribución, etc. 1987.
300 ## - DESCRIPCIÓN FÍSICA
Extensión 2 v. ;
Dimensiones 23 cm.
600 14 - PUNTO DE ACCESO ADICIONAL DE MATERIA--NOMBRE DE PERSONA
Nombre de persona MATOS PAOLI, FRANCISCO,
Fechas asociadas al nombre 1915-2000
9 (RLIN) 9173
650 #4 - PUNTO DE ACCESO ADICIONAL DE MATERIA--TÉRMINO DE MATERIA
Término de materia o nombre geográfico como elemento de entrada Poesía puertorriqueña
9 (RLIN) 1015
650 #4 - PUNTO DE ACCESO ADICIONAL DE MATERIA--TÉRMINO DE MATERIA
Término de materia o nombre geográfico como elemento de entrada Literatura puertorriqueña
9 (RLIN) 250
700 1# - PUNTO DE ACCESO ADICIONAL--NOMBRE DE PERSONA
Nombre de persona Huyke Freiría, Juan B.,
Término indicativo de función/relación ed.
9 (RLIN) 18362
700 1# - PUNTO DE ACCESO ADICIONAL--NOMBRE DE PERSONA
Nombre de persona Cobb Gorbea, Henry,
Término indicativo de función/relación ed.
9 (RLIN) 18363
910 ## - DATOS DE OPCIÓN DEL USUARIO (OCLC)
Datos de opción del usuario Catalogación por copia / LC
910 ## - DATOS DE OPCIÓN DEL USUARIO (OCLC)
Datos de opción del usuario WM
Holdings
Estado de retiro Estado de pérdida Restricciones de uso No para préstamo Código de colección Localización permanente Ubicación/localización actual Ubicación en estantería Fecha de adquisición Número de inventario Total de préstamos Signatura topográfica completa Código de barras Fecha visto por última vez Precio válido a partir de Tipo de ítem Koha
      Excluido de préstamo Monografías: Libros y Folletos General General En catalogación 01.09.2009 LF1   PR861.4 M433d, 1987 | v. 1 6617-10 25.06.2020 25.06.2020 No se presta

Powered by Koha